000 00705nam a2200229 a 4500
999 _c1700
_d1700
001 1700
003 BD-JhCC
005 20220528134022.0
008 171023s2010 bg |||| |||| 000 0 ben d
020 _a9844125995
035 _a(BD-JhCC)1700
040 _aBD-JhCC
_dBD-JhCC
041 _aben
082 _a891.443
_bAHM 2010
100 _aআহমেদ, হুমায়ূন
245 _aজীবনকৃষ্ণ মেমোরিয়াল হাই স্কুল /
_cহুমায়ূন আহমেদ
260 _aঢাকা :
_bঅনন্যা,
_c2010.
300 _a78 পৃ. :
_c21 সেমি.
650 _aBengali Novel
942 _2ddc
_cBK
_04